000 00843nmm a2200265 a 4500
001 ocm000597624
003 TR-IsHL
005 20201028132239.0
008 131030s2007 tu tur
007 cr cn
020 _a9789756217870
035 _a597624
_b(N$T)
050 0 4 _aBP166.38
_b.Y87 2007
090 0 4 _aBP166.38
_b.Y87 2007
100 1 _aYusufoğlu, Selman
245 1 0 _aKur'an'daki peygamberler
_h[electronic resource] /
_cSelman Yusufoğlu
260 _aİstanbul :
_bBilgeoğuz Yayınları,
_c2007
300 _a398 p.
650 4 _aFelsefe, Psikoloji ve Din
650 4 _aPhilosophy, Psychology and Religion
650 0 _aProphets
650 0 _aPeygamberler
650 7 _aRELIGION / Islam / History
_2bisacsh
856 4 0 _uhttp://search.ebscohost.com/login.aspx?direct=true&scope=site&db=e011xww&AN=597624
999 _c4991
_d4991